=LDR 00000nam 2200000 4500 =001 INLIS000000000056078 =005 20200818075713 =035 ##$$a 0010-0820000219 =007 ta =008 200818###########################0#ind## =082 ##$$a 419.503 =084 ##$$a 419.503 SRI k =100 #$$a Sri Reshi Anandakusuma =245 1#$$a Kamus Bahasa Bali /$c Sri Reshi Anandakusuma =260 ##$:$b CV. Kayumas Agung,$c 1986 =300 ##$$a 374 Halaman : $b - ; $c 21 Cm. =650 #4$$a Kamus - Bahasa Bali =700 #$$a Editor : Dedhy =990 ##$$a 07680768